| 000 | 01892nam a2200397Ia 4500 | ||
|---|---|---|---|
| 001 | ebr10245874 | ||
| 003 | CaPaEBR | ||
| 006 | m u | ||
| 007 | cr cn||||||||| | ||
| 008 | 081217r20082007nyu sb 001 0 eng d | ||
| 010 | _z 2008928679 | ||
| 020 | _z9781402083112 | ||
| 020 | _z1402083114 | ||
| 020 | _z9781402083129 | ||
| 020 | _z1402083122 | ||
| 040 |
_aCaPaEBR _cCaPaEBR |
||
| 035 | _a(OCoLC)288465802 | ||
| 050 | 1 | 4 |
_aQH332 _b.M55 2008eb |
| 100 | 1 | _aMiller, Seumas. | |
| 245 | 1 | 0 |
_aEthical and philosophical consideration of the dual-use dilemma in the biological sciences _h[electronic resource] / _cSeumas Miller, Michael J. Selgelid. |
| 260 |
_a[New York] : _bSpringer, _cc2008. |
||
| 300 | _avii, 75 p. | ||
| 500 | _a"...originally produced as a report for the National Security Science and Technology Unit, Department of the Prime Minister and Cabinet, Australian Government, as part of a Centre for Applied Philosophy and Public Ethics (CAPPE) consultation in 2006 ... previously published in Science and Engineering Ethics (2007) 13: 523-580"--P. v. | ||
| 504 | _aIncludes bibliographical references and index. | ||
| 533 |
_aElectronic reproduction. _bPalo Alto, Calif. : _cebrary, _d2009. _nAvailable via World Wide Web. _nAccess may be limited to ebrary affiliated libraries. |
||
| 650 | 0 |
_aBiology _xResearch _xMoral and ethical aspects. |
|
| 650 | 0 |
_aBiology _xResearch _xPhilosophy. |
|
| 650 | 0 |
_aBiological warfare _xPrevention. |
|
| 650 | 0 |
_aBiological warfare _xMoral and ethical aspects. |
|
| 650 | 0 |
_aBiological warfare _xPhilosophy. |
|
| 655 | 7 |
_aElectronic books. _2local |
|
| 700 | 1 | _aSelgelid, Michael J. | |
| 710 | 2 | _aebrary, Inc. | |
| 730 | 0 |
_aScience and engineering ethics. _nv. 13, no. 4. _f2007. |
|
| 856 | 4 | 0 |
_uhttp://site.ebrary.com/lib/rucke/Doc?id=10245874 _zAn electronic book accessible through the World Wide Web; click to view |
| 999 |
_c35642 _d35642 |
||